000 02330nam0a2200421 i 4500
001 RU\NLR\BIBL_A\011461229
005 20241103070706.0
010 _a9785984982306
_9300
021 _aRU
_b2017-56807
_94040
035 _a(RuMoRGB)008951646
035 _a(NLR Aleph) 011461229
090 _a11804338
_c11804338
100 _a20170824d2017 km y0rusy50 ca
101 0 _arus
102 _aRU
105 _aa|||z|||100yy
200 1 _aКачество и конкурентоспособность потребительских товаров и услуг
_eматериалы конференции
_fСтуденческая научно-практическая конференция (Орел, 14 декабря 2016 г.)
_gпод общей редакцией д.э.н., профессора Паршутиной И. Г.
210 _aОрел
_cОрелГУЭТ
_d2017
215 _a103 с.
_cил., табл.
_d21
300 _aВ надзаг.: М-во образования и науки Рос. Федерации, ФГБОУ ВО "Орл. гос. ун-т экономики и торговли экономики и торговли"
320 _aБиблиогр. в конце ст.
606 1 _aТовары широкого потребления
_jСъезды, совещания и т.п
_xКачество
_92257813
_3RU\NLR\AUTH\661353959
606 1 _aТовары широкого потребления
_jСъезды, совещания и т.п
_xКонкурентоспособность
_92222189
_3RU\NLR\AUTH\661334287
606 1 _aСфера услуг
_jСъезды, совещания и т.п
_xКачество
_92192495
_3RU\NLR\AUTH\6601553524
686 _aУ9(2)0-823.2я431(2)
_2rubbk
686 _aМ2я431(2)
_2rubbk
686 _aЛ80я431(2)
_2rubbk
686 1 _aУ9(2)-823.2-06я431
686 1 _aУ43(2)1-803.4я431
686 1 _aУ49(2)-823.2я431
702 1 _aПаршутина
_bИ. Г.
_gИнна Григорьевна
_4340
712 0 2 _4570
_aОрловский государственный университет экономики и торговли
_9537450
_3RU\NLR\AUTH\880436594
942 _cBOOK
980 _aNBR